| 000 | 00537nam a2200193Ia 4500 | ||
|---|---|---|---|
| 003 | OSt | ||
| 005 | 20250122135734.0 | ||
| 008 | 210716s2001 xx 000 0 und d | ||
| 040 | _cAIMIT LIBRARY | ||
| 041 | _aeng | ||
| 082 |
_a808.83 _21 _bREAD |
||
| 100 |
_aReaders Digest. _9194550 |
||
| 245 |
_aSelect editions / _cBy Readers Digest. |
||
| 250 | _a1st ed. | ||
| 260 |
_aNew York : _bReaders digest association Inc ; _c2001. |
||
| 300 |
_a574p. ; _bPB _c18 cm. |
||
| 650 |
_aNovels _9194551 |
||
| 942 |
_2ddc _cBK _e1st ed. _k808.83 READ |
||
| 999 |
_c200241 _d200241 |
||